LIBRARY & INFORMATION CENTRE, KCAET, TAVANUR

ONLINE PUBLIC ACCESS CATALOGUE (OPAC)

Optical Masers / (Record no. 1456)

MARC details
000 -LEADER
fixed length control field 00392cam a2200169ua 4500
041 ## - LANGUAGE CODE
Language code of text/sound track or separate title eng
082 ## - DEWEY DECIMAL CLASSIFICATION NUMBER
Classification number 535.2
Item number HEA/OP
100 ## - MAIN ENTRY--AUTHOR NAME
Personal name Heavens, O.S .
245 ## - TITLE STATEMENT
Title Optical Masers /
260 ## - PUBLICATION, DISTRIBUTION, ETC. (IMPRINT)
Place of publication London :
Name of publisher Mehuen & Co Ltd ,
Year of publication 1965.
300 ## - PHYSICAL DESCRIPTION
Number of Pages 103 ; .
942 ## - ADDED ENTRY ELEMENTS (KOHA)
Koha item type Books
Holdings
Withdrawn status Lost status Damaged status Home library Current library Date acquired Full call number Accession Number Koha item type
      KAUAET KAUAET 07/04/2012 535.2 HEA/OP 11967 Books
free website counter